000 00640cam a2200181u 4500
001 000019861
005 20200929170152.0
008 850624s1923 nyuac 000 0beng
040 _aDO-SdBNP
_bspa
_cBNPHU
082 _axxx
_bM117
100 1 _aMacaulay, Thomas Babington Macaulay,
_cBaron,
_d1800-1859.
_942383
245 1 0 _aMacaulays' Life of Johnson /
_cMacaulayʻs ; edited Stewart Lee Garrison.
260 _aNew York :
_bF. M. Ambrose and Company,
_c1923.
300 _a173 p. :
_bil. ;
_c17 cm.
600 1 0 _aJohnson, Samuel,
_d1709-1784.
_942384
700 1 _aGarrison, Stewart Lee,
_eed.
_942385
910 _aCatalogación derivada / LC
999 _c19374
_d19374